00795 a2200169 45000010006000000050017000060080041000230030015000640400040000790800039001192450064001582640042002223000019002645050155002831000021004388560166004591550520260407155451.0260407a1976 arg spa dAR-UNSa-BCEJYS aAR-UNSa-BCEJYSbspacAR-UNSa-BCEJYS a657.6xAuditoria (control interno)10aLa auditoría contable a través de sus casos prácticos 1aBuenos Aires :bClub de Estudioc1976 a419 p.c26 cm. a1. Programación - 2. Papeles de trabajo - 3. Control interno - 4. Rubros de activos - 5. Rubros de pasivo - 6. Estado de resultados - 7. Dictamen - 1 aAbrevaya, Martha41uhttps://biblioeco.unsa.edu.ar/pmb/images/libros/La auditor?a contable a trav?s de sus casos pr?cticos Abrevaya, Martha (1976).jpgyImagen de portadaqimage/jpeg